Geography Quiz

Random Geography or State Quiz

Most Populous US Counties Quiz Stats

 Plays Quiz Updated Feb 24, 2019

Score 0/30 Timer 08:00
0 Plays Today
Population County % Correct
10,170,292Los Angeles County
82.3%
1,288,126Orange County (Orlando)
67.5%
3,169,776Orange County
66.6%
1,644,518New York County (Manhattan)
61.7%
2,553,385Dallas County
54.3%
5,238,216Cook County (Chicago)
50.3%
2,339,150Queens County
48.6%
3,299,521San Diego County
45%
2,693,117Miami-Dade County
43.2%
2,117,125King County (Seattle)
41.4%
1,455,444Bronx County
40.3%
1,567,442Philadelphia County
37.6%
2,636,735Kings County (Brooklyn)
33.9%
1,501,587Suffolk County (Eastern Long Island)
27.7%
4,167,947Maricopa County (Phoenix)
27%
Population County % Correct
4,538,028Harris County (Houston)
26.8%
1,361,350Nassau County (Western Long Island)
25.9%
1,759,335Wayne County (Detroit)
24.6%
2,114,801Clark County (Las Vegas)
24.6%
1,501,335Sacramento County
23.9%
1,349,050Hillsborough County (Tampa)
23.2%
2,361,026Riverside County
23%
1,896,425Broward County (Fort Lauderdale)
23%
1,638,215Alameda County (Oakland)
22.4%
2,128,133San Bernardino County
21.1%
1,918,044Santa Clara County (San Jose)
15.9%
1,585,139Middlesex County (West-Northwest Boston Suburbs)
15.7%
1,422,789Palm Beach County
15.3%
1,897,753Bexar County (San Antonio)
15%
1,982,498Tarrant County (Fort Worth)
14.8%

You're not logged in!

Compare scores with friends on all Sporcle quizzes.
OR
Log In

Sporcle TV

Today on Sporcle TV


Watch our educational content, quiz creation guides, and fun videos on Sporcle TV.

Show Comments

Extras

Top Quizzes Today


Score Distribution

Your Account Isn't Verified!

In order to create a playlist on Sporcle, you need to verify the email address you used during registration. Go to your Sporcle Settings to finish the process.

Report this User

Report this user for behavior that violates our Community Guidelines.

Details: